000 00302nam a22001337a 4500
008 170504b xxu||||| |||| 00| 0 eng d
020 _a9781583605547
041 _aeng
080 _23 E
_a34
100 _a13
101 _aSHJ
245 _aCORRECTION IN THE COMUNITY
_cLATESA.E.J
942 _2udc
_cBK
999 _c12635
_d12635